00414nam a2200145 a 450000500170000000800410001704000250005804100080008308200110009111000440010224500600014626000250020630000100023165000270024120200529122304.0140318b1998 ii ||||| |||| 00| 0 eng d aCO-BoIAVHcCO-BoIAVH aeng a333.72 bScientific and technical Advisory Panel aHighlights of the work of stap during GEF 1 (1995-1998) aNew DelhibGEFc1998 a29 p. 0aProtección ambiental